Radiohead - Most played songs - Statistics

General Stats
  • This quiz has been taken 741 times
  • The average score is 13 of 25
Answer Stats
# Songs % Correct
360 Creep
99%
310 Karma Police
86%
401 Paranoid Android
86%
275 No Surprises
78%
374 Fake Plastic Trees
73%
380 Just
68%
275 Airbag
60%
327 Everything in its Right Place
60%
414 Street Spirit
60%
268 Exit Music
59%
373 The Bends
56%
304 Idioteque
52%
392 Lucky
52%
396 My Iron Lung
49%
210 Pyramid Song
47%
181 You
42%
247 There There
40%
241 Planet Telex
38%
184 Anyone Can Play Guitar
34%
233 Climbing up the Walls
32%
280 The National Anthem
31%
256 Bones
27%
177 You and Whose Army?
16%
198 The Gloaming
14%
232 Talk Show Host
12%
No matching quizzes found
Score Distribution
Percent of People with Each Score
Percentile by Number Answered
Your Score History
You have not taken this quiz